Gritos en el silencio Niąs y mujeres frente a redes de prostitucin̤. Un revš para los derechos humanos /

Bibliographic Details
Main Author: Reyes Parra, Elvira
Format: eBook
Language:Spanish
Published: Ciudad de Mx̌ico: Cm̀ara de Diputados, 2007
Subjects:
Online Access:Acceso restringido

MARC

LEADER 00000nam a22000007a 4500
005 20171211172251.0
007 cr|||| ||||
008 171211s2007 mx |||||s|||| 00||0 spa d
020 |a 978-970-701-992-8 
035 |a 20855 
040 |a vLex 
090 |c 7286  |d 7286 
100 1 |a Reyes Parra, Elvira 
245 1 0 |a Gritos en el silencio  |h [Recurso electrn̤ico]:  |b Niąs y mujeres frente a redes de prostitucin̤. Un revš para los derechos humanos /  |c Elvira Reyes Parra  
256 |a Servicio en ln̕ea 
260 |a Ciudad de Mx̌ico:  |b Cm̀ara de Diputados,  |c 2007 
300 |a 1 recurso electrn̤ico 
506 1 |a Disponible solo en los productos indicados  |d vLex Global  |d vLex Global (Academic Edition, excluding Law Schools)  |d vLex Global (U.S. Academic Edition, Law Schools)  |d vLex Global (U.S. Academic Edition, excluding Law Schools)  |d vLex Global (Academic Edition, Law Schools) 
650 0 4 |a Derecho Constitucional  |z Mx̌ico 
740 0 |a vLex Libros (Servicio en ln̕ea) 
856 4 0 |u http://vlex.com/source/gritos-en-el-silencio-ni-as-y-mujeres-frente-a-redes-de-prostitucion-un-reves-para-los-derechos-humanos-20855  |z Acceso restringido 
942 |c BOOK 
999 0 |a Constitutional law